000 00647nam a2200181Ia 4500
008 090124s9999 xx 000 0 und d
082 _b129846
100 _aपिंगळे मंदाकिनी
245 _a निबंध भाग 3 सुविचारांवरून
250 _a1
260 _c1999
300 _a88
600 _aपिंगळे मंदाकिनी
630 _a निबंध भाग 3 सुविचारांवरून
700 _aपिंगळे मंदाकिनी
730 _a निबंध भाग 3 सुविचारांवरून
942 _cBOOK
999 _c175935
_d175935